| 000 | 00597nam a2200193 4500 | ||
|---|---|---|---|
| 010 | _a006439 | ||
| 035 | _a006439 | ||
| 037 | _bCen Lib / Ret | ||
| 040 |
_aDPL _bEn |
||
| 082 |
_a603 _bKET |
||
| 100 | _aKettridge, J. O. | ||
| 245 |
_aFrench-english and english-french dictionary / _cby J. O. Kettridge |
||
| 260 |
_aLondon _bRoutledge & Kegan Paul Ltd _c1950 |
||
| 270 |
_aRoutledge & Kegan Paul Ltd _bLondon |
||
| 300 |
_av 2. 545-1137p _c27cm(Hb) |
||
| 650 | _a French language -- Dictionaries -- English. | ||
| 650 | _aFrench language. | ||
| 942 |
_2ddc _cEN _h603 _mKET |
||
| 999 |
_c137091 _d137091 |
||